|
|
|
|
| LEADER |
00628nam a2200169Ia 4500 |
| 003 |
OSt |
| 005 |
20200211154427.0 |
| 008 |
191231s9999 xx 000 0 und d |
| 999 |
|
|
|c 250530
|d 250530
|
| 040 |
|
|
|c DOE
|
| 100 |
|
|
|a Nishad N
|e Author
|
| 245 |
|
0 |
|a Development of instructional strategies based on ecopsychological approach for teaching geography at higher secondary level/
|c Nishad N
|
| 260 |
|
|
|a Thiruvananthapuram :
|b Dept of Education,University of Kerala ,
|c 2018
|
| 650 |
|
|
|a CD available
|
| 700 |
|
|
|a Sindhya V
|e Guide
|
| 942 |
|
|
|c TH
|2 ddc
|
| 952 |
|
|
|0 0
|1 0
|4 0
|7 0
|9 265868
|a EDU
|b EDU
|d 2020-01-05
|l 0
|p EDUP272
|r 2020-01-05
|w 2020-01-05
|y TH
|